000 00397nam a2200145 i 4500
001 bg
100 1 _aOtto, Franciszek
_d(1904-2000).
245 1 0 _aZbiór zadań z geometrii wykreślnej :
_btekst /
_cFranciszek Otto, Edward Otto.
260 _aWarszawa,
_c1956.
700 1 _aOtto, Edward
_d(1908-1986).
040 _cBPK
041 _apol
942 _cKS
008 s pl f |000 0 pol
999 _c296
_d296
856 _uhttp://koha.tu.koszalin.pl/cgi-bin/koha/opac-detail.pl?biblionumber=296
_yKatalog online BPK